[Event "?"]
[Site "?"]
[Date "1997.??.??"]
[Round "?"]
[White "Anghel, Valentin"]
[Black "Florescu, Codrut-Constantin"]
[Result "0-1"]
[WhiteElo "2115"]
[BlackElo "2300"]
[PlyCount "108"]
[EventDate "1997.08.07"]
[EventRounds "59"]
[EventCountry "AND"]
[EventCategory "196"]

1. e4 e5 2. Nf3 Nc6 3. Nc3 d6 4. d4 Bg4 5. Bb5 exd4 6. Qxd4 Qd7 7. Qe3 a6 8.
Ba4 Be7 9. Bd2 Nf6 10. Nd4 O-O 11. h3 Be6 12. f4 Nxd4 13. Qxd4 b5 14. f5 bxa4
15. fxe6 Qxe6 16. O-O Rab8 17. b3 c5 18. Qxa4 Rb4 19. Qxa6 Nxe4 20. Nxe4 Rxe4
21. Rae1 Bf6 22. c3 Rxe1 23. Rxe1 Qd5 24. Qe2 h6 25. c4 Qf5 26. Qe4 Bd4+ 27.
Kh1 Qxe4 28. Rxe4 Ra8 29. a4 Rb8 30. b4 f5 31. Rxd4 cxd4 32. b5 Kf7 33. a5 Ke6
34. Kg1 Kd7 35. Kf2 g5 36. Ke2 d5 37. Kd3 dxc4+ 38. Kxc4 d3 39. b6 Kc6 40. Kxd3
Kb7 41. Be3 Ka6 42. Bd2 Kb5 43. Kc2 Rd8 44. g3 Ka6 45. Kc1 Kb5 46. Kc2 Ka6 47.
Kc1 Rd7 48. Kd1 Kb5 49. Kc2 Ka6 50. h4 f4 51. gxf4 gxh4 52. f5 h3 53. Bf4 Rf7
54. Kd3 Rxf5 0-1

[Event "?"]
[Site "?"]
[Date "1997.??.??"]
[Round "?"]
[White "Florescu, Codrut-Constantin"]
[Black "Calugar, Mihail"]
[Result "1-0"]
[WhiteElo "2300"]
[BlackElo "1800"]
[PlyCount "58"]
[EventDate "1997.08.07"]
[EventRounds "59"]
[EventCountry "AND"]
[EventCategory "196"]

1. e4 c5 2. Nf3 d6 3. d4 cxd4 4. Nxd4 Nf6 5. Nc3 a6 6. Bc4 e6 7. O-O b5 8. Bb3
b4 9. Na4 Nxe4 10. Re1 d5 11. c4 bxc3 12. Nxc3 Nxc3 13. bxc3 Be7 14. Bf4 O-O
15. Bxb8 Rxb8 16. Nc6 Qc7 17. Nxb8 Qxb8 18. Qd3 Bc5 19. Rac1 Ba7 20. g3 Qc7 21.
c4 d4 22. c5 e5 23. Bd5 h5 24. Rb1 g6 25. Qc4 Kg7 26. Rb6 d3 27. Qxd3 Qxc5 28.
Rc6 Qe7 29. Qc3 Bd7 1-0

[Event "?"]
[Site "?"]
[Date "1997.??.??"]
[Round "?"]
[White "Florescu, Codrut-Constantin"]
[Black "Hegedus, Iuliu"]
[Result "1-0"]
[WhiteElo "2300"]
[BlackElo "2300"]
[PlyCount "51"]
[EventDate "1997.08.07"]
[EventRounds "59"]
[EventCountry "AND"]
[EventCategory "196"]

1. e4 c5 2. Nf3 e6 3. d4 cxd4 4. Nxd4 a6 5. Nc3 Qc7 6. Be2 Nf6 7. O-O Bb4 8.
Qd3 d6 9. Qg3 g6 10. Qh4 Nbd7 11. Bg5 Ng8 12. e5 Bxc3 13. exd6 Qxd6 14. bxc3 e5
15. Rad1 Qc7 16. Bg4 h6 17. Rfe1 Kf8 18. Bd8 Qxc3 19. Bxd7 Bxd7 20. Nf3 Be6 21.
Bf6 Nxf6 22. Qxf6 Kg8 23. Rxe5 Qxc2 24. Rde1 Bxa2 25. Re8+ Kh7 26. Qxh8# 1-0

[Event "?"]
[Site "?"]
[Date "1997.??.??"]
[Round "?"]
[White "Florescu, Codrut-Constantin"]
[Black "Morar, Ovidiu"]
[Result "1-0"]
[WhiteElo "2300"]
[BlackElo "2050"]
[PlyCount "65"]
[EventDate "1997.08.07"]
[EventRounds "59"]
[EventCountry "AND"]
[EventCategory "196"]

1. e4 e5 2. Nf3 Nc6 3. Nc3 Nf6 4. g3 Bc5 5. Bg2 d6 6. d3 a6 7. O-O h6 8. Be3
Bxe3 9. fxe3 Bg4 10. h3 Bxf3 11. Qxf3 Qd7 12. Rf2 Ne7 13. Raf1 O-O-O 14. Qe2
Kb8 15. b4 c6 16. d4 Rc8 17. Qd3 Ng6 18. Na4 Qc7 19. c4 b5 20. Nc3 Rhe8 21. a4
bxc4 22. Qxc4 exd4 23. exd4 d5 24. Qd3 dxe4 25. Nxe4 Nxe4 26. Bxe4 Re7 27. Bg2
h5 28. b5 cxb5 29. Qf3 Ka7 30. axb5 a5 31. Ra2 Qc3 32. b6+ Kxb6 33. Rb1+ 1-0

[Event "?"]
[Site "?"]
[Date "1997.??.??"]
[Round "?"]
[White "Florescu, Codrut-Constantin"]
[Black "Stanciu, Adrian-Eugen"]
[Result "1-0"]
[WhiteElo "2300"]
[BlackElo "1665"]
[PlyCount "69"]
[EventDate "1997.08.07"]
[EventRounds "59"]
[EventCountry "AND"]
[EventCategory "196"]
[Source " during import"]
[SourceDate "2129920.??.??"]

{6/18} 1. e4 c5 2. Nf3 d6 3. d4 cxd4 4. Nxd4 Nc6 5. Nc3 a6 6. Be3 Nf6 7. f3 e6
8. Qd2 Be7 9. O-O-O Bd7 10. g4 h6 11. h4 Qc7 12. Be2 O-O-O 13. Kb1 Kb8 14. Rhg1
Nxd4 15. Qxd4 Qc5 16. Qxc5 dxc5 17. e5 Ne8 18. Ne4 Bc6 19. Bxc5 Bxh4 20. c4 Nc7
21. Bd6 Kc8 22. b4 b5 23. cxb5 Nxb5 24. Rc1 Kb7 25. Nc5+ Kb6 26. Bxb5 axb5 27.
Rc3 Bg5 28. Rg2 Ra8 29. Rgc2 Rhc8 30. Nb3 Bd7 31. Bc7+ Ka7 32. Na5 f6 33. Ra3
fxe5 34. Nc4+ Kb7 35. Nd6# 1-0

[Event "?"]
[Site "?"]
[Date "1997.??.??"]
[Round "?"]
[White "Solcanean, Serghei"]
[Black "Florescu, Codrut-Constantin"]
[Result "1/2-1/2"]
[WhiteElo "2085"]
[BlackElo "2300"]
[PlyCount "49"]
[EventDate "1997.08.07"]
[EventRounds "59"]
[EventCountry "AND"]
[EventCategory "196"]

1. d4 Nf6 2. Nf3 b6 3. c4 e6 4. a3 Ba6 5. Qc2 Bb7 6. Nc3 c5 7. e4 cxd4 8. Nxd4
d6 9. Be2 Be7 10. Be3 a6 11. O-O Nbd7 12. f3 O-O 13. b4 Rc8 14. Qb3 Qc7 15.
Rfc1 Qb8 16. a4 Bd8 17. Qd1 Bc7 18. g3 Rfe8 19. Bf4 h5 20. Nb3 h4 21. Kg2 hxg3
22. hxg3 a5 23. bxa5 bxa5 24. Nb5 d5 25. cxd5 1/2-1/2

[Event "?"]
[Site "?"]
[Date "1997.??.??"]
[Round "?"]
[White "Valceanu, Ioan Mihai "]
[Black "Florescu, Codrut-Constantin"]
[Result "0-1"]
[WhiteElo "2150"]
[BlackElo "2300"]
[PlyCount "69"]
[EventDate "1997.08.07"]
[EventRounds "59"]
[EventCountry "AND"]
[EventCategory "196"]

1. c4 e5 2. Nc3 Nf6 3. g3 Bb4 4. Qc2 O-O 5. Bg2 Nc6 6. e3 Bxc3 7. dxc3 d6 8. b3
Re8 9. Ba3 Qe7 10. h4 e4 11. O-O-O Bf5 12. Nh3 Ne5 13. Nf4 Nd3+ 14. Kb1 a5 15.
f3 Nxf4 16. exf4 exf3 17. Qxf5 fxg2 18. Rhg1 Qe4+ 19. Qxe4 Nxe4 20. Rd3 a4 21.
b4 Nf6 22. Rxg2 Re1+ 23. Kc2 Rae8 24. b5 b6 25. Bc1 h5 26. Bd2 R1e7 27. Rd4 Kh7
28. Kd3 Ne4 29. Rd5 g6 30. f5 Nc5+ 31. Kc2 Re2 32. Rxe2 Rxe2 33. Kd1 Rg2 34.
fxg6+ fxg6 35. Bf4 0-1

[Event "Bucharest TICC"]
[Site "Bucharest"]
[Date "1997.??.??"]
[Round "?"]
[White "Florescu, Codrut-Constantin"]
[Black "Dumitrescu, Dragos Nicolae"]
[Result "1/2-1/2"]
[WhiteElo "2300"]
[BlackElo "2380"]
[PlyCount "35"]
[EventDate "1997.??.??"]
[EventType "tourn"]
[EventRounds "14"]
[EventCountry "ROM"]
[EventCategory "5"]
[Source "ChessBase"]
[SourceDate "2000.11.22"]

1. Nf3 c5 2. g3 g6 3. Bg2 Bg7 4. e4 Nc6 5. Nc3 e5 6. d3 Nge7 7. Bg5 h6 8. Be3
d6 9. O-O O-O 10. Nd2 Be6 11. Nd5 Bxd5 12. exd5 Nb4 13. c4 Nf5 14. Ne4 Nxe3 15.
fxe3 f5 16. Nc3 h5 17. a3 Na6 18. Qe2 1/2-1/2

[Event "Bucharest TICC"]
[Site "Bucharest"]
[Date "1997.??.??"]
[Round "?"]
[White "Florescu, Codrut-Constantin"]
[Black "Felecan, Florin"]
[Result "1-0"]
[WhiteElo "2300"]
[BlackElo "2380"]
[PlyCount "119"]
[EventDate "1997.??.??"]
[EventType "tourn"]
[EventRounds "14"]
[EventCountry "ROM"]
[EventCategory "5"]
[Source "ChessBase"]
[SourceDate "2000.11.22"]

1. Nf3 g6 2. c4 Bg7 3. d4 Nf6 4. Nc3 O-O 5. e4 d6 6. Be2 Bg4 7. Be3 Nfd7 8. O-O
e5 9. d5 a5 10. Na4 Na6 11. Nd2 Bxe2 12. Qxe2 f5 13. f3 f4 14. Bf2 h5 15. Rfb1
b6 16. b3 Ndc5 17. Nxc5 dxc5 18. Rd1 g5 19. Nb1 Rf6 20. Nc3 Bf8 21. Kh1 Bd6 22.
Rg1 Rg6 23. g4 Kf7 24. gxh5 Rh6 25. Rg4 Rxh5 26. h4 Qf6 27. Rag1 Rah8 28. Be1
Nb8 29. Qh2 Be7 30. Kg2 Nd7 31. Kf1 R8h7 32. Nb5 Bd6 33. Qg2 Nf8 34. Rxg5 Rxg5
35. hxg5 Qg6 36. Qg4 Kg8 37. Bf2 Rh2 38. Rg2 Rh1+ 39. Ke2 Qh5 40. Qf5 Rh3 41.
Rg4 Qg6 42. Rh4 Rxh4 43. Bxh4 Kg7 44. Qg4 Kg8 45. Kd3 Kg7 46. Kc3 Kg8 47. Kb2
Kh7 48. Ka3 Kh8 49. Qc8 Kg8 50. Qd8 Qh5 51. g6 Qxg6 52. Nxd6 Qxd6 53. Qxd6 cxd6
54. Ka4 Kg7 55. Kb5 Kh6 56. Kc6 Kh5 57. Bd8 Ng6 58. Kxd6 Nh4 59. Bxh4 Kxh4 60.
Kxe5 1-0

[Event "Bucharest TICC"]
[Site "Bucharest"]
[Date "1997.??.??"]
[Round "?"]
[White "Florescu, Codrut-Constantin"]
[Black "Kamenets, Anatolij"]
[Result "1/2-1/2"]
[WhiteElo "2300"]
[BlackElo "2250"]
[PlyCount "106"]
[EventDate "1997.??.??"]
[EventType "tourn"]
[EventRounds "14"]
[EventCountry "ROM"]
[EventCategory "5"]
[Source "ChessBase"]
[SourceDate "2000.11.22"]

1. d4 Nf6 2. c4 g6 3. Nc3 Bg7 4. e4 d6 5. f3 O-O 6. Be3 e5 7. d5 c6 8. Bd3 a6
9. Nge2 Ne8 10. O-O f5 11. c5 f4 12. Bf2 g5 13. Na4 Nd7 14. dxc6 bxc6 15. Nec3
Rf6 16. Qe2 h5 17. Bc4+ Kf8 18. Rad1 Rg6 19. Kh1 g4 20. cxd6 Bh6 21. Nb6 Nxb6
22. Bxb6 Qxb6 23. d7 Bb7 24. dxe8=Q+ Kxe8 25. Na4 Qc7 26. Qd3 Bc8 27. Nc5 a5
28. Bb3 Bf8 29. Qc4 a4 30. Bc2 Qa5 31. b4 axb3 32. Bxb3 Ra7 33. Nd3 Ba6 34. Qc2
Rd6 35. Rg1 Rd4 36. Qxc6+ Rad7 37. Qe6+ Be7 38. Nxe5 Rxd1 39. Qf7+ Kd8 40. Nc6+
Kc7 41. Nxa5 Rxg1+ 42. Kxg1 Bc5+ 43. Kh1 Rxf7 44. Bxf7 h4 45. Bc4 Bc8 46. Nb3
Be3 47. Na1 g3 48. Nc2 Bc5 49. Ne1 Be3 50. Nd3 Bd7 51. Ne5 Be8 52. Bf7 Kd6 53.
Nc4+ Kc5 1/2-1/2

[Event "Bucharest TICC"]
[Site "Bucharest"]
[Date "1997.??.??"]
[Round "?"]
[White "Florescu, Codrut-Constantin"]
[Black "Sanduleac, Vasile"]
[Result "1-0"]
[WhiteElo "2300"]
[BlackElo "2430"]
[PlyCount "71"]
[EventDate "1997.??.??"]
[EventType "tourn"]
[EventRounds "14"]
[EventCountry "ROM"]
[EventCategory "5"]
[Source "ChessBase"]
[SourceDate "2000.11.22"]

1. e4 c6 2. d4 d5 3. Nc3 dxe4 4. Nxe4 Nd7 5. Bc4 Ngf6 6. Ng5 e6 7. Qe2 Nb6 8.
Bb3 a5 9. c3 h6 10. Ne4 Nxe4 11. Qxe4 Nd5 12. Nf3 a4 13. Bc2 a3 14. O-O axb2
15. Bxb2 Ba3 16. Bxa3 Rxa3 17. c4 Nf6 18. Qe2 O-O 19. Bb3 c5 20. Rad1 cxd4 21.
Nxd4 Bd7 22. Rd3 Qc7 23. Nb5 Bxb5 24. cxb5 Raa8 25. h3 Rfd8 26. Rfd1 Kf8 27.
Qe3 Rxd3 28. Rxd3 Rc8 29. Rd1 b6 30. g3 Qc5 31. Qd3 Kg8 32. Kg2 g5 33. Rd2 Qb4
34. Bxe6 Ne4 35. Re2 Rc3 36. Qxe4 1-0

[Event "Bucharest TICC"]
[Site "Bucharest"]
[Date "1997.??.??"]
[Round "?"]
[White "Florescu, Codrut-Constantin"]
[Black "Vajda, Szidonia"]
[Result "1-0"]
[WhiteElo "2300"]
[BlackElo "2355"]
[PlyCount "71"]
[EventDate "1997.??.??"]
[EventType "tourn"]
[EventRounds "14"]
[EventCountry "ROM"]
[EventCategory "5"]
[Source "ChessBase"]
[SourceDate "2000.11.22"]

1. e4 e5 2. Nf3 Nc6 3. Nc3 Nf6 4. g3 Bb4 5. Bg2 O-O 6. O-O Bxc3 7. dxc3 d6 8.
Qe2 h6 9. h3 Be6 10. Rd1 Nh7 11. Nh4 Qf6 12. b3 g5 13. Nf3 Rad8 14. Nh2 Qg6 15.
Ng4 f5 16. exf5 Bxf5 17. Ne3 Be4 18. Qc4+ d5 19. Nxd5 Bxd5 20. Bxd5+ Kg7 21.
Ba3 Rf6 22. Be4 Qf7 23. Qxf7+ Rxf7 24. Bxc6 Rxd1+ 25. Rxd1 bxc6 26. Bc5 a6 27.
Rd8 Nf6 28. Ra8 Ne4 29. Be3 Nxc3 30. Rxa6 Rf6 31. a4 Ne2+ 32. Kg2 Nd4 33. Ra7
Rf7 34. Bxd4 exd4 35. a5 c5 36. a6 1-0

[Event "Bucharest TICC"]
[Site "Bucharest"]
[Date "1997.??.??"]
[Round "?"]
[White "Ionescu, Doru Alexandru"]
[Black "Florescu, Codrut-Constantin"]
[Result "0-1"]
[WhiteElo "2335"]
[BlackElo "2300"]
[PlyCount "74"]
[EventDate "1997.??.??"]
[EventType "tourn"]
[EventRounds "14"]
[EventCountry "ROM"]
[EventCategory "5"]
[Source "ChessBase"]
[SourceDate "2000.11.22"]

1. d4 Nf6 2. Bg5 Ne4 3. Bh4 d5 4. f3 Nd6 5. Nd2 Nf5 6. Bf2 e5 7. dxe5 d4 8. g3
Nc6 9. f4 Bb4 10. a3 Ba5 11. b4 Nxb4 12. axb4 Bxb4 13. Qb1 c5 14. Bg2 Ne3 15.
Be4 O-O 16. Ngf3 Bg4 17. h3 Bxf3 18. exf3 Nc4 19. Qxb4 cxb4 20. Nxc4 Qc7 21.
Nd6 f5 22. Bd3 Rfe8 23. Nxf5 g6 24. Nh6+ Kg7 25. Ng4 a5 26. O-O a4 27. Rfb1 b3
28. cxb3 Qc3 29. Be4 axb3 30. Rxa8 Rxa8 31. Be1 Qc4 32. Nf2 Qe2 33. Bd5 b2 34.
Be4 Ra1 35. Bb4 Qc4 36. Bd2 Rxb1+ 37. Bxb1 Qc1+ 0-1

[Event "Bucharest TICC"]
[Site "Bucharest"]
[Date "1997.??.??"]
[Round "?"]
[White "Ionescu, Mihai"]
[Black "Florescu, Codrut-Constantin"]
[Result "1/2-1/2"]
[WhiteElo "2395"]
[BlackElo "2300"]
[PlyCount "77"]
[EventDate "1997.??.??"]
[EventType "tourn"]
[EventRounds "14"]
[EventCountry "ROM"]
[EventCategory "5"]
[Source "ChessBase"]
[SourceDate "2000.11.22"]

1. d4 Nf6 2. c4 e6 3. Nc3 Bb4 4. e3 O-O 5. Bd3 d5 6. Nf3 c5 7. O-O Nc6 8. a3
Bxc3 9. bxc3 Re8 10. Ne5 Nxe5 11. dxe5 dxc4 12. Bxc4 Nd5 13. Qc2 Bd7 14. Bd3
Qh4 15. f4 Bc6 16. e4 Nb6 17. Be3 c4 18. Be2 Ba4 19. Qc1 Bc6 20. Qc2 Ba4 21.
Qb1 Bb3 22. Bd4 Rac8 23. Qc1 Nd7 24. Qe3 Qe7 25. Rf3 Bc2 26. Rg3 Nc5 27. Bf3
Nb3 28. Ra2 Nxd4 29. cxd4 Bd3 30. Ra1 b5 31. Bg4 Rcd8 32. f5 Qb7 33. Bf3 g6 34.
Kh1 Qb6 35. fxg6 fxg6 36. Qh6 Qc7 37. h4 Qg7 38. Qe3 Kh8 39. h5 1/2-1/2

[Event "Bucharest TICC"]
[Site "Bucharest"]
[Date "1997.??.??"]
[Round "?"]
[White "Pasarelu, Dan-Gabriel"]
[Black "Florescu, Codrut-Constantin"]
[Result "1/2-1/2"]
[WhiteElo "2320"]
[BlackElo "2300"]
[PlyCount "129"]
[EventDate "1997.??.??"]
[EventType "tourn"]
[EventRounds "14"]
[EventCountry "ROM"]
[EventCategory "5"]
[Source "ChessBase"]
[SourceDate "2000.11.22"]

1. e4 c5 2. Nf3 e6 3. c4 Nc6 4. Nc3 Nf6 5. Be2 b6 6. O-O Bb7 7. d4 cxd4 8. Nxd4
Qb8 9. Kh1 Bb4 10. f3 h5 11. Be3 h4 12. Rc1 Nxd4 13. Qxd4 Bd6 14. h3 Nh5 15.
Rfd1 Ke7 16. Bg5+ f6 17. Bxh4 Bc6 18. Bf1 Bc5 19. Qd3 Ng3+ 20. Bxg3 Qxg3 21.
Ne2 Qe5 22. Qc3 Qxc3 23. Rxc3 g5 24. a3 a5 25. Nd4 Bb7 26. Rcd3 Rad8 27. Nc2 a4
28. Ne3 Bc6 29. Nc2 d6 30. Nb4 Bb7 31. Na2 Rdg8 32. Nc3 Bc6 33. Be2 Rg7 34. Rf1
Ra8 35. Kh2 Rgg8 36. Kg3 Rh8 37. Rb1 Ra5 38. Rdd1 Raa8 39. Kh2 Be3 40. g3 Rh7
41. Kg2 Rah8 42. Rh1 Bd4 43. Bd3 Rh6 44. Bc2 Ra8 45. Rh2 Ra5 46. h4 Rc5 47. Bd3
Bd7 48. hxg5 Rxh2+ 49. Kxh2 fxg5 50. Kg2 Kd8 51. Ne2 Bg7 52. f4 gxf4 53. Nxf4
Be5 54. Kf3 Bd4 55. Ne2 Be5 56. Nc3 Ke7 57. g4 Kf6 58. Rh1 Kg7 59. Ke3 Rc8 60.
Be2 Rc7 61. Kd2 Bc6 62. Bd3 Rf7 63. Ke3 Kg6 64. Be2 Ra7 65. Rh5 1/2-1/2

[Event "Bucharest TICC"]
[Site "Bucharest"]
[Date "1997.??.??"]
[Round "?"]
[White "Zatonskih, Vitaly"]
[Black "Florescu, Codrut-Constantin"]
[Result "0-1"]
[WhiteElo "2395"]
[BlackElo "2300"]
[PlyCount "69"]
[EventDate "1997.??.??"]
[EventType "tourn"]
[EventRounds "14"]
[EventCountry "ROM"]
[EventCategory "5"]
[Source "ChessBase"]
[SourceDate "2000.11.22"]

1. e4 c5 2. g3 Nc6 3. Bg2 d6 4. d3 g6 5. f4 Bg7 6. Nf3 e6 7. O-O Nge7 8. c3 O-O
9. Be3 b6 10. a4 Ba6 11. Na3 d5 12. Nb5 d4 13. cxd4 Bxb5 14. axb5 Nxd4 15. Bxd4
Bxd4+ 16. Nxd4 Qxd4+ 17. Rf2 Rfd8 18. e5 Rac8 19. Rxa7 Nf5 20. Qf3 c4 21. Qb7
Nh6 22. dxc4 Rxc4 23. Bh3 Rc2 24. Qf3 Rd5 25. Ra1 Rxb5 26. Rd1 Qc5 27. Rdf1
Rbxb2 28. Kg2 Nf5 29. Rxc2 Rxc2+ 30. Kh1 Ne3 31. Re1 Rc1 32. Qe2 Qc3 33. Rg1
Qc6+ 34. Bg2 Rxg1+ 35. Kxg1 0-1

[Event "R.3 M4"]
[Site "?"]
[Date "1997.??.??"]
[Round "?"]
[White "Florescu, Codrut-Constantin"]
[Black "Modoran, Vasile "]
[Result "1-0"]
[WhiteElo "2300"]
[BlackElo "1625"]
[PlyCount "35"]
[EventDate "1997.??.??"]
[Source "b/signature.htm"]
[SourceDate "3188127.01.02"]

1. e4 c5 2. Nf3 e6 3. d3 Nc6 4. g3 g6 5. Bg2 Bg7 6. O-O Nge7 7. c3 d5 8. Qe2
O-O 9. e5 d4 10. c4 a6 11. Bf4 b5 12. b3 b4 13. Nbd2 Bd7 14. Ne4 Qb6 15. Nf6+
Bxf6 16. exf6 Nc8 17. Qd2 Ra7 18. Bc7 1-0

[Event "R.3 M5"]
[Site "?"]
[Date "1997.??.??"]
[Round "?"]
[White "Florescu, Codrut-Constantin"]
[Black "Plass Caravan, Mariana Camelia"]
[Result "1/2-1/2"]
[WhiteElo "2300"]
[BlackElo "2195"]
[PlyCount "26"]
[EventDate "1997.??.??"]

1. e4 c5 2. Nf3 d6 3. d4 cxd4 4. Nxd4 Nf6 5. Nc3 a6 6. Bc4 e6 7. Bb3 Nc6 8. Be3
Na5 9. g4 b5 10. g5 b4 11. gxf6 Nxb3 12. axb3 bxc3 13. bxc3 Bb7 1/2-1/2

[Event "R.4 M1"]
[Site "?"]
[Date "1997.??.??"]
[Round "?"]
[White "Florescu, Codrut-Constantin"]
[Black "Tufa, Mihai"]
[Result "1/2-1/2"]
[WhiteElo "2300"]
[BlackElo "2240"]
[PlyCount "47"]
[EventDate "1997.??.??"]
[Source "b/signature.htm"]
[SourceDate "3188127.01.02"]

1. e4 e5 2. Nf3 Nc6 3. Nc3 Bc5 4. Nxe5 Nxe5 5. d4 Bd6 6. dxe5 Bxe5 7. Bd3 Qh4
8. Bd2 Nf6 9. Qe2 Qg4 10. Qxg4 Nxg4 11. h3 Nf6 12. f4 Bxc3 13. Bxc3 b6 14. O-O
Bb7 15. e5 Ne4 16. Bd4 d5 17. Bxe4 dxe4 18. Rad1 Rd8 19. f5 Ke7 20. Bf2 f6 21.
e6 Rxd1 22. Rxd1 Rd8 23. Rxd8 Kxd8 24. Be3 {...30 1/2} 1/2-1/2

[Event "R.5 M2"]
[Site "?"]
[Date "1997.??.??"]
[Round "?"]
[White "Plass Caravan, Mariana Camelia"]
[Black "Florescu, Codrut-Constantin"]
[Result "1/2-1/2"]
[WhiteElo "2195"]
[BlackElo "2300"]
[PlyCount "52"]
[EventDate "1997.??.??"]
[Source "b/signature.htm"]
[SourceDate "3188127.01.02"]

1. d4 Nf6 2. c4 e6 3. Nf3 b6 4. g3 Ba6 5. b3 Bb7 6. Bg2 Bb4+ 7. Bd2 a5 8. O-O
O-O 9. Nc3 Re8 10. a3 Bxc3 11. Bxc3 Be4 12. Ne5 Bxg2 13. Kxg2 d6 14. Nd3 d5 15.
f3 a4 16. c5 Qd7 17. Rb1 Qb5 18. cxb6 cxb6 19. bxa4 Qc4 20. Qd2 Nc6 21. Rxb6
Rec8 22. Nb2 Qa2 23. Bb4 Nxb4 24. Qxb4 Nd7 25. Qb3 Qxb3 26. Rxb3 Kf8 1/2-1/2

[Event "R.5 M4"]
[Site "?"]
[Date "1997.??.??"]
[Round "?"]
[White "Florescu, Codrut-Constantin"]
[Black "Varlan, Herwig Ioan"]
[Result "1/2-1/2"]
[WhiteElo "2300"]
[BlackElo "2210"]
[PlyCount "32"]
[EventDate "1997.??.??"]

1. e4 Nf6 2. e5 Nd5 3. c4 Nb6 4. d4 d6 5. exd6 exd6 6. Nc3 Nc6 7. Be3 Bf5 8.
Nf3 Be7 9. Be2 O-O 10. O-O Bf6 11. b3 a5 12. Rc1 d5 13. c5 Nc8 14. Bf4 N8e7 15.
h3 Ng6 16. Bh2 Re8 1/2-1/2

[Event "R.7 M1"]
[Site "?"]
[Date "1997.??.??"]
[Round "?"]
[White "Florescu, Codrut-Constantin"]
[Black "Moldovan , Daniel"]
[Result "1/2-1/2"]
[WhiteElo "2300"]
[BlackElo "2435"]
[PlyCount "47"]
[EventDate "1997.??.??"]

1. e4 c5 2. Nf3 Nc6 3. Bb5 g6 4. O-O Bg7 5. Re1 Nf6 6. e5 Nd5 7. Nc3 Nc7 8.
Bxc6 dxc6 9. Ne4 b6 10. Nf6+ Bxf6 11. exf6 Be6 12. fxe7 Qxe7 13. c4 O-O 14. b3
Qf6 15. Ne5 Bc8 16. Bb2 Ne6 17. Qc2 Qg5 18. Nf3 Qd8 19. Qc3 f6 20. Re4 Qd6 21.
Qe3 Bd7 22. Re1 Rae8 23. Qh6 Nd4 24. Nh4 1/2-1/2

[Event "R.8"]
[Site "?"]
[Date "1997.??.??"]
[Round "?"]
[White "Cozianu, Costin"]
[Black "Florescu, Codrut-Constantin"]
[Result "1-0"]
[WhiteElo "2415"]
[BlackElo "2300"]
[PlyCount "53"]
[EventDate "1997.??.??"]

1. e4 c5 2. Nf3 e6 3. d4 cxd4 4. Nxd4 Nf6 5. Nc3 d6 6. Be2 a6 7. O-O b5 8. Bf3
Ra7 9. Qe2 Be7 10. a4 bxa4 11. Nxa4 O-O 12. Rd1 Rd7 13. Be3 Bb7 14. Nb3 Qc7 15.
Bb6 Qc8 16. Na5 Ba8 17. Bd4 Bd8 18. Nc4 e5 19. Nab6 Bxb6 20. Nxb6 Qc6 21. Nxd7
Nbxd7 22. Rxa6 Qc8 23. Bc3 Nc5 24. Raxd6 Nfxe4 25. R6d3 Nxd3 26. Bxe4 Nf4 27.
Qe3 1-0

[Event "R.9 "]
[Site "?"]
[Date "1997.??.??"]
[Round "?"]
[White "Florescu, Codrut-Constantin"]
[Black "Varaciuc, Vivian Nicolae"]
[Result "0-1"]
[WhiteElo "2300"]
[BlackElo "2195"]
[PlyCount "40"]
[EventDate "1997.??.??"]

1. e4 e6 2. d4 d5 3. Nc3 dxe4 4. Nxe4 Be7 5. Nf3 Nf6 6. Nxf6+ Bxf6 7. c3 O-O 8.
Bd3 Nc6 9. Be3 e5 10. dxe5 Nxe5 11. Nxe5 Bxe5 12. O-O Qh4 13. g3 Qh3 14. Qf3
Bg4 15. Qg2 Qh5 16. h4 Bf3 17. Qh3 f5 18. Bf4 Bxf4 19. Bc4+ Kh8 20. gxf4 Rf6
0-1

[Event "R.9 M1"]
[Site "?"]
[Date "1997.??.??"]
[Round "?"]
[White "Spulber, Cicirone"]
[Black "Florescu, Codrut-Constantin"]
[Result "1-0"]
[WhiteElo "2345"]
[BlackElo "2300"]
[PlyCount "123"]
[EventDate "1997.??.??"]

1. Nf3 d5 2. c4 e6 3. g3 Nf6 4. Bg2 Be7 5. O-O O-O 6. d4 dxc4 7. Qc2 a6 8. Qxc4
b5 9. Qc2 Bb7 10. Bd2 Nc6 11. e3 Nb4 12. Bxb4 Bxb4 13. Ne5 Bxg2 14. Kxg2 Qd5+
15. f3 c5 16. Nd3 Rac8 17. Qe2 Nd7 18. a3 Ba5 19. b4 cxb4 20. axb4 Bd8 21. Rxa6
e5 22. dxe5 Nxe5 23. Nc5 Be7 24. Qxb5 Bxc5 25. bxc5 Rxc5 26. Qe2 Qc4 27. Qxc4
Nxc4 28. Re1 Re8 29. e4 f5 30. Ra2 g5 31. Nd2 Nxd2 32. Rxd2 g4 33. fxg4 fxg4
34. Rf2 Kg7 35. Ree2 Kg6 36. Rf4 h5 37. h3 gxh3+ 38. Kxh3 Rce5 39. Kg2 R8e6 40.
Kf3 Rg5 41. Rd2 Ra5 42. Rd3 Rb5 43. Rf8 Rb1 44. Rg8+ Kf6 45. Rd5 Rb3+ 46. Kf4
Rb4 47. Rf5+ Ke7 48. Rg7+ Kd6 49. Rd5+ Kc6 50. Re5 Rxe5 51. Kxe5 Rb1 52. Ke6
Rh1 53. Rh7 Rh3 54. e5 Rxg3 55. Rxh5 Ra3 56. Rh1 Kc5 57. Kf7 Rf3+ 58. Ke7 Kd5
59. e6 Ra3 60. Rd1+ Ke5 61. Re1+ Kf5 62. Kf7 1-0

[Event "R.9 M3"]
[Site "?"]
[Date "1997.??.??"]
[Round "?"]
[White "Toma Andreica, Alin"]
[Black "Florescu, Codrut-Constantin"]
[Result "1/2-1/2"]
[WhiteElo "2250"]
[BlackElo "2300"]
[PlyCount "84"]
[EventDate "1997.??.??"]

1. e4 c5 2. Nf3 e6 3. d4 cxd4 4. Nxd4 Nf6 5. Bd3 Nc6 6. Nxc6 bxc6 7. O-O d6 8.
Qe2 Be7 9. e5 dxe5 10. Qxe5 Bd6 11. Qe2 Qc7 12. h3 Nd5 13. Be4 O-O 14. c4 Nf4
15. Qf3 Ng6 16. Nc3 f5 17. Bc2 e5 18. Rd1 Be6 19. Qe2 Rae8 20. Be3 Qe7 21. Bxa7
Nf4 22. Qf1 Qxa7 23. Rxd6 Qc5 24. Rad1 Bxc4 25. Qxc4+ Qxc4 26. Bb3 Qxb3 27.
axb3 Rc8 28. R1d2 Rf6 29. Rxf6 gxf6 30. h4 Ne6 31. Rd6 Kf7 32. Rd7+ Kg6 33. b4
Rd8 34. Rxd8 Nxd8 35. b5 cxb5 36. Nxb5 f4 37. Nd6 Nc6 38. Kf1 f5 39. Ke2 Nd4+
40. Kd3 Kh5 41. b4 Kxh4 42. b5 Kg4 1/2-1/2

[Event "Bucharest TICC"]
[Site "Bucharest"]
[Date "1996.??.??"]
[Round "?"]
[White "Breahna, Radu"]
[Black "Florescu, Codrut-Constantin"]
[Result "1-0"]
[WhiteElo "2335"]
[BlackElo "2295"]
[PlyCount "99"]
[EventDate "1996.??.??"]
[EventRounds "14"]
[EventCountry "ROM"]
[EventCategory "3"]
[Source "ChessBase"]
[SourceDate "2000.11.22"]

1. d4 Nf6 2. c4 e6 3. Nc3 Bb4 4. Qc2 O-O 5. a3 Bxc3+ 6. Qxc3 b6 7. g3 Bb7 8.
Nf3 Be4 9. Bg2 d5 10. b3 a5 11. Bg5 c5 12. O-O Nc6 13. cxd5 Nxd4 14. Nxd4 cxd4
15. Qxd4 Qxd5 16. Bxf6 Bxg2 17. Qg4 g6 18. Rfc1 Qe4 19. Qxe4 Bxe4 20. f3 Bd5
21. Rc3 a4 22. bxa4 Rxa4 23. Rb1 Bc4 24. Rxb6 Bxe2 25. Kf2 Bc4 26. Rb4 Rxb4 27.
axb4 Bd5 28. b5 h6 29. h4 Rb8 30. b6 Kh7 31. b7 Bxb7 32. Rb3 e5 33. f4 exf4 34.
gxf4 g5 35. Kg3 Kg6 36. Be5 Ra8 37. Rxb7 Ra3+ 38. Kg2 gxf4 39. Bxf4 Kh5 40. Bg3
f5 41. Rb5 Kg4 42. Rb4+ Kh5 43. Rf4 Ra5 44. Bf2 Rb5 45. Kf3 Rb3+ 46. Be3 Rb5
47. Rc4 Ra5 48. Rc6 f4 49. Kxf4 Ra4+ 50. Kf3 1-0